| 000 | 00647nam a2200145Ia 4500 | ||
|---|---|---|---|
| 008 | 100122s9999 xx 000 0 und d | ||
| 082 |
_b59476 _a301.4 |
||
| 100 | _aसोहनी रा न | ||
| 245 | _aगौड सारस्वत ब्राम्हणांचा इतिहास (क.क्र. 9/1) | ||
| 260 |
_bरा.न.सोहनी _c1937 |
||
| 300 | _a195 | ||
| 630 | _aगौड सारस्वत ब्राम्हणांचा इतिहास (क.क्र. 9/1) | ||
| 730 | _aगौड सारस्वत ब्राम्हणांचा इतिहास (क.क्र. 9/1) | ||
| 942 | _cBOOK | ||
| 999 |
_c435045 _d435042 |
||